000 00332nam a2200145 i 4500
001 bg
100 1 _aVALDE-NOWAK, Teofila
245 0 _aTeksty niemieckie /
_cTeofila Valde-Nowak.
250 _aWyd.4.
260 _aKraków,
_c1981.
040 _cBPK
041 _apol
942 _cKS
008 s pl f |000 0 pol
999 _c20534
_d20534
856 _uhttp://koha.tu.koszalin.pl/cgi-bin/koha/opac-detail.pl?biblionumber=20534
_yKatalog online BPK